| 000 | 00608nam a2200205Ia 4500 | ||
|---|---|---|---|
| 001 | 3881 | ||
| 003 | AR-BaAGN | ||
| 005 | 20231116141318.0 | ||
| 007 | ta | ||
| 008 | 211213s1912 xx |||||||||||||| ||spa d | ||
| 040 |
_dAR-BaAGN _aAR-BaAGN _bspa _eaacr |
||
| 110 |
_aCongreso de la Nación. _bCámara de Diputados |
||
| 245 | 1 | 0 |
_aReforma de la Justicia de Paz de la Capital : _bproyecto de ley |
| 260 |
_a[Lugar de publicación no identificado] : _b[editor no identificado], _c1912. |
||
| 300 | _a49 páginas | ||
| 336 |
_2rdacontent _btxt |
||
| 337 |
_2rdamedia _bn |
||
| 338 |
_2rdacarrier _bnc |
||
| 942 | _cLIBRO | ||
| 999 |
_c3881 _d3881 |
||